000 00572nam a2200205Ia 4500
003 GCL
005 20240530100134.0
008 140319s9999 xx 000 0 eng d
040 _aGCL /
_cGCL
082 0 4 _a279.07
_bM V
100 1 _aMURATA, SACHIKO
245 1 0 _aTHE VISION OF ISLAM: THE FOUNDATIONS OF MUSLIM FIATH AND PRACTICE /
_cMURATA, SACHIKO
260 _a[S.N] :
_bI.B. TAURIS & CO LTD ،
_c1995
300 _a368 P
650 0 4 _aنجد
650 0 4 _aISLAM - STUDY AND TEACHING
650 0 4 _aMUSLIMS
700 1 _aCHITTICK, WILLIAM C
942 _2ddc
_cBK
999 _c14453
_d14453